000 00823nam a22002177a 4500
003 UA-OsUOA
001 70791
007 ta
008 20100916b un ||||| |||| 00| 0 ukr d
090 _a929(477)(063)
_bМ34
942 _cBK
040 _aUA-OsUOA
_bukr
_cUA-OsUOA
_dUA-OsUOA
245 _aМатеріали науково-практичної конференції, присвяченої 200-літтю з дня народження видатного вченого-енциклопедиста Михайла Максимовича (1804 - 1873) та Дню міста Канева
_cТулін В. І.
300 _a154 с.
955 _a2
041 _aukr
080 _a929(477)(063)
260 _aК.
_c2004
650 7 _a9 Географія. Біографії. Історія
_2UDC
999 _c357068
_d357068